000 00560nam a2200181 i 4500
001 bg
245 0 _aFizyka budowli.
_nZ. 1,
_pMateriały pomocnicze do ćwiczeń /
_coprac. Janusz Nowakiewicz.
250 _a59, [2] s.
_arys.
260 _aSzczecin :
_bWydaw. Politechniki Szczecińskiej,
_c1978.
650 9 _aFizyka
_xbudownictwo
655 _aĆwiczenia i zadania dla szkół wyższych
700 1 _aNOWAKIEWICZ, Janusz.
_eOprac.
040 _cBPK
041 _apol
080 _a69:53(075.8)
942 _cKS
008 s pl f |000 0 pol
999 _c18802
_d18802
856 _uhttp://koha.tu.koszalin.pl/cgi-bin/koha/opac-detail.pl?biblionumber=18802
_yKatalog online BPK